00785 a2200205 450000500170000000800410001702000180005804000480007604100080012410000200013224500710015226000490022330000440027249000460031650400530036265000390041565100410045465100370049565100470053220200329154423.0200304s2016 nyua|||gr|||| 00| 0 eng d a9781316502013 aCO-BoUCMbspacDeissy GarciadDeissy Garcia0 aeng1 aNeagle, Michael10aAmerica's forgotten colonybCuba's Isle of PinescMichael E. Neagl bCambridge University Pressc2016aNueva York axv, 306 páginasbilustraciones, mapas0 aCambridge studies in US foreign relations aIncluye referencias bibliográficas e índices172HistoriaySiglo XXzEstados Unidos10aIsla de la Juventud (Cuba)xHistoria10aCubaxRelaciones internacionales10aEstados UnidoszRelaciones internacionales